Apuntes de introducción a la dinámica vertical de la vía y a las señales digitales en ferrocarriles

Uloženo v:
Podrobná bibliografie
Hlavní autor: Melis Maynar, Manuel (autor)
Médium: Kniha
Jazyk:španělština
Vydáno: Madrid Universidad Politécnica de Madrid 2008
Vydání:1a. ed
Témata:
Tagy: Přidat tag
Žádné tagy, Buďte první, kdo vytvoří štítek k tomuto záznamu!

MARC

LEADER 00000cam a2200000 a 4500
001 UCE7361
003 CL-VaPUC
008 150605e20080000sp |||||||||||||||||spa|d
020 |a 9788461276868 
082 0 4 |a 625  |b MEL  |2 21 
100 |a Melis Maynar, Manuel  |e autor  |9 581272 
245 1 0 |a Apuntes de introducción a la dinámica vertical de la vía y a las señales digitales en ferrocarriles 
250 |a 1a. ed 
300 |a 797 p 
942 |c BK 
945 |d 20150605 14:50:00  |a gsalatino 
260 |a Madrid  |b Universidad Politécnica de Madrid  |c 2008 
650 0 |a Mecánica   |9 260096 
650 0 |a Ferrocarriles  |9 260933 
650 0 |a Ingeniería mecánica   |9 262089 
583 |a last modification  |c 20150807 11:11:20  |k Rodrigo Vera 
999 |c 359456  |d 359454 
952 |0 0  |1 0  |3 erd  |4 0  |6 625_000000000000000_MEL_2008  |7 0  |8 A  |9 468650  |a BIBMEC  |b BIBMEC  |i 5161576  |o 625 MEL 2008  |p 5161576  |r 2024-01-19  |w 2019-11-23  |y BK  |z Catalogado en:20150605  |k MEC 
952 |0 0  |1 0  |3 erd  |4 0  |6 625_000000000000000_MEL_2008  |7 0  |8 A  |9 468651  |a BIBMEC  |b BIBMEC  |i 5193699  |o 625 MEL 2008  |p 5193699  |r 2024-01-19  |w 2019-11-23  |y BK  |z Catalogado en:20150820  |k MEC 
952 |0 0  |1 0  |3 erd  |4 0  |6 625_000000000000000_MEL_2008  |7 0  |8 A  |9 468652  |a BIBMEC  |b BIBMEC  |i 5193680  |o 625 MEL 2008  |p 5193680  |r 2024-01-19  |w 2019-11-23  |y BK  |z Catalogado en:20150820  |k MEC